| 000 | 00695nam a2200217Ia 4500 | ||
|---|---|---|---|
| 008 | 191130s2008##################000#0#eng## | ||
| 020 | _a9780333945322 | ||
| 022 | _a2008015061 | ||
| 040 |
_aACL _cACL |
||
| 082 | _a351.41 BUR | ||
| 100 | _aBurnham, June | ||
| 245 |
_aBritain's modernised civil service _cJune Burnham and Robert Pyper |
||
| 260 |
_aHoundmills, Basingstoke, Hampshire ; New York _bPalgrave Macmillan _cc2008 |
||
| 300 | _axii, 275 p. : ill. ; 22 cm | ||
| 500 | _aIncludes bibliographical references and index | ||
| 650 | _aCivil service - Great Britain | ||
| 700 | _aPyper, Robert | ||
| 990 | _a25d36286ac10000c41c7d02abd7395b1 | ||
| 991 | _a47732 | ||
| 999 |
_c119940 _d119940 |
||